English Top Flight Champions - Statistics

General Stats
  • This quiz has been taken 24 times
  • The average score is 18 of 24
Answer Stats
Times Won Team % Correct
13 Arsenal
100%
7 Aston Villa
100%
6 Chelsea
100%
20 Liverpool
100%
10 Manchester City
100%
20 Manchester United
100%
2 Tottenham Hotspur
95%
3 Leeds United
90%
1 Leicester City
90%
4 Newcastle United
90%
1 Nottingham Forest
90%
3 Wolverhampton Wanderers
81%
9 Everton
76%
3 Blackburn Rovers
71%
6 Sunderland
71%
2 Burnley
62%
2 Derby County
57%
2 Preston North End
52%
1 Sheffield United
52%
4 Sheffield Wednesday
52%
2 Portsmouth
48%
3 Huddersfield Town
33%
1 Ipswich Town
33%
1 West Bromwich Albion
33%
No matching quizzes found
Score Distribution
Percent of People with Each Score
Percentile by Number Answered
Your Score History
You have not taken this quiz